| 000 | 01421nam a22003617a 4500 | ||
|---|---|---|---|
| 001 | 4190 | ||
| 003 | FISKH | ||
| 005 | 20251125084519.0 | ||
| 008 | 240626b cb ||||| |||| 00| 0 eng d | ||
| 020 | _a0807281948 | ||
| 020 | _a9780747538486 | ||
| 024 | 3 | _a9780807281949 | |
| 040 |
_aOCO _cUBY _dDLC _beng |
||
| 050 | _aPR6068.O93 | ||
| 082 | _a823.914 | ||
| 100 | 1 | _aRowling, J. K. | |
| 245 | 1 | 0 |
_aHarry Potter and the chamber of secrets / _cJ.K. Rowling |
| 250 | _aThe published in Great Britain in 1998 | ||
| 260 |
_aLondon : _bBloomsbury, _c1998 |
||
| 300 |
_a251 pages : _c19 cm |
||
| 520 | _aWhen the Chamber of Secrets is opened again at the HogwartsSchool for Witchcraft and Wizardry, second-year student Harry Potter finds himself in danger from a dark power that has once more been released on the school. | ||
| 600 | 1 | 0 |
_aPotter, Harry _c(Fictitious character) _vJuvenile fiction. |
| 600 | 1 | 0 |
_aGranger, Hermione _c(Fictitious character) _vJuvenile fiction. |
| 650 | 0 |
_aWizards _vJuvenile fiction. |
|
| 650 | 0 |
_aMagic _vJuvenile fiction. |
|
| 650 | 0 |
_aSchools _vJuvenile fiction. |
|
| 650 | 0 |
_aWeasley, Ron (Fictitious character) _vJuvenile fiction. |
|
| 650 | 0 |
_aHogwarts School of Witchcraft and Wizardry (Imaginary organization) _vJuvenile fiction. |
|
| 651 | 0 |
_aEngland _vJuvenile fiction. |
|
| 906 |
_a7 _bcbc _ccopycat _d2 _encip _f20 _gy-genmusic |
||
| 942 |
_2ddc _cBK _n0 |
||
| 999 |
_c4190 _d4190 |
||